The Human Rights of Anti-Terrorism

Detalles Bibliográficos
Autor principal: Forcese, Craig
Otros Autores: LaViolette, Nicole
Formato: eBook
Lenguaje:inglés
Publicado: Toronto: Irwin Law Inc., 2008
Materias:
Acceso en línea:Acceso restringido

MARC

LEADER 00000nam a22000007a 4500
005 2021090201531.0
007 cr|||| ||||
008 210902s2008 ca |||||s|||| 00||0 eng d
020 |a 9781459336278 
035 |a 35347 
040 |a vLex 
090 |c 12207  |d 12207 
100 1 |a Forcese, Craig 
245 1 3 |a The Human Rights of Anti-Terrorism  |h [Recurso electrn̤ico] /  |c Craig Forcese, Nicole LaViolette 
256 |a Servicio en ln̕ea 
260 |a Toronto:  |b Irwin Law Inc.,  |c 2008 
300 |a 1 recurso electrn̤ico 
500 |a The Human Rights of Anti-terrorism contains timely explorations of some of the most important issues facing the international community today. The book is a collection of papers by internationally- recognized scholars and thinkers from across Canada and around the world to a June 2006 colloquium on Human Rights and Anti-terrorism held in Ottawa. The colloquium grappled with the interrelationship between anti-terrorism, human rights, and international humanitarian law. The Ottawa Principles on Anti-Terrorism and Human Rights, which grew out of deliberations at the colloquium, are included here along with ten chapters which not only supplement and explain the foundations of the Ottawa Principles, but also provide readers with substantive critiques of topics related to human rights and anti-terrorism more generally. 
506 1 |a Disponible solo en los productos indicados  |d vLex Global  |d vLex Global (Academic Edition, excluding Law Schools)  |d vLex Global (U.S. Academic Edition, Law Schools)  |d vLex Global (U.S. Academic Edition, excluding Law Schools)  |d vLex Global (Academic Edition, Law Schools) 
650 0 4 |a Derecho Internacional  |z Canad̀ 
700 1 |a LaViolette, Nicole 
740 0 |a vLex Libros (Servicio en ln̕ea) 
856 4 0 |u https://app.vlex.com/#/sources/35347  |z Acceso restringido 
942 |c BOOK 
999 0 |a International right